000 00453nam a2200181Ia 4500
003 OSt
005 20230524162359.0
008 210423s2000 xx 000 0 und d
040 _cAL
041 _aeng
082 _a658
_223
_bEDIC
100 _aBY THE EDITORS OF EXCEL BOOKS.
_965339
245 _aCases in management.
260 _aNew Delhi
_bAnamaya Publishers
_c2000
365 _b175
_cINR
906 _aCases ; management.
942 _2ddc
_cBK
999 _c172906
_d172906